Entretenimiento histórico, y chronologico sobre la historia del antiguo testamento (Record no. 10886)

MARC details
000 -CABECERA
campo de control de longitud fija 01796nam a22002777a 4500
001 - NÚMERO DE CONTROL
campo de control BRCA_9267
003 - IDENTIFICADOR DEL NÚMERO DE CONTROL
campo de control FranzMayer
005 - FECHA Y HORA DE LA ÚLTIMA TRANSACCIÓN
campo de control 20230719122322.0
008 - DATOS DE LONGITUD FIJA--INFORMACIÓN GENERAL
campo de control de longitud fija 230719b |||||||| |||| 00| 0 eng d
040 ## - FUENTE DE LA CATALOGACIÓN
Centro catalogador/agencia de origen MFM
Lengua de catalogación esp
Centro/agencia transcriptor MFM
050 #4 - SIGNATURA TOPOGRÁFICA DE LA BIBLIOTECA DEL CONGRESO
Número de clasificación CO98
Número de documento/Ítem E53 N/A
082 ## - NÚMERO DE LA CLASIFICACIÓN DECIMAL DEWEY
Número de edición BS1091
240 1# - TÍTULO UNIFORME
Título uniforme Entretenimiento histórico, y chronologico sobre la historia del antiguo testamento
Medio Libro IV. Desde que entraron los israelitas en la tierra prometida, hasta que se fabricó el templo de Salomón
Lenguaje de la obra esp
245 0# - MENCIÓN DE TÍTULO
Título Entretenimiento histórico, y chronologico sobre la historia del antiguo testamento
Resto del título Libro IV. Desde que entraron los israelitas en la tierra prometida, hasta que se fabricó el templo de Salomón
260 ## - PUBLICACIÓN, DISTRIBUCIÓN, ETC.
Lugar de publicación, distribución, etc. N/L
Nombre del editor, distribuidor, etc. E53
Fecha de publicación, distribución, etc. N/A
300 ## - DESCRIPCIÓN FÍSICA
Extensión 416 p
Dimensiones 20.5 cm
440 ## - MENCIÓN DE SERIE/PUNTO DE ACCESO ADICIONAL--TÍTULO
Título Entretenimiento histórico, y chronologico sobre la historia del antiguo testamento
Número de parte o sección de la obra Libro IV.
Nombre de parte o sección de la obra Desde que entraron los israelitas en la tierra prometida, hasta que se fabricó el templo de Salomón
Designación de volumen o secuencia Volumen 4
9 (RLIN) 28851
500 ## - NOTA GENERAL
Nota general En el libro se omite mucha información como autor u otras personas encargadas de la obra, lugar donde se imprimió así como responsables o año de publicación.
500 ## - NOTA GENERAL
Nota general El libro contiene dos tiras de cuero en cada cubierta para que se unan entre sí.
500 ## - NOTA GENERAL
Nota general El libro contiene una pequeña firma con lápiz al inicio del mismo
500 ## - NOTA GENERAL
Nota general Varias páginas del libro se encuentran dañadas y con piezas faltantes, correspondiente a daño por insectos o bacterias
505 ## - NOTA DE CONTENIDO CON FORMATO
Nota de contenido con formato Texto en: españolDirigido a: teólogos, historiadores, creyentes cristianos.Incluye índice temático
650 1# - PUNTO DE ACCESO ADICIONAL DE MATERIA--TÉRMINO DE MATERIA
Fuente del encabezamiento o término Biblia
Término de materia o nombre geográfico como elemento de entrada Biblia cristiana
Subdivisión de forma Antiguo testamento
9 (RLIN) 28852
651 ## - PUNTO DE ACCESO ADICIONAL DE MATERIA--NOMBRE GEOGRÁFICO
Fuente del encabezamiento o término Antiguo testamento
Nombre geográfico La tierra prometida
Subdivisión de forma Templo de Salomón
9 (RLIN) 28853
942 ## - ELEMENTOS DE PUNTO DE ACCESO ADICIONAL (KOHA)
Fuente del sistema de clasificación o colocación Library of Congress Classification
Tipo de ítem Koha Libros
Holdings
Estado de retiro Estado de pérdida Fuente del sistema de clasificación o colocación Estado dañado No para préstamo Código de colección Localización permanente Ubicación/localización actual Fecha de adquisición Fuente de adquisición Total de préstamos Signatura topográfica completa Código de barras Fecha visto por última vez Precio válido a partir de Tipo de ítem Koha
El ejemplar forma parte de la colección y puede ser consultado según las políticas vigentes.   Library of Congress Classification     Conventual Franz Mayer Biblioteca del Museo Franz Mayer (Rogerio Casas-Alatriste) Biblioteca del Museo Franz Mayer (Rogerio Casas-Alatriste) 19/07/2023 Donación   CO98 E53 N/A CFM00500 19/07/2023 19/07/2023 Libros